000 00269nam a2200085Ia 4500
245 0 _aTimbila 6 : a journal of onion skin poetry
100 _a BILA, Fred Vonani Elim Hospital, South Africa, 2008
_977228
942 _cBK
008 210817s9999 xx 000 0 und d
999 _c263157
_d263157